00651nam a2200193Ia 4500008004100000020001500041082001600056100001800072245004800090250000700138260003800145300003100183500001900214600002100233650005000254942000700304952013100311999001500442240925s9999 xx 000 0 und d a8120315138 a005.133 MCG aMcGregor, Rob 0aUsing C++: simple solution essential skills aNA aNew Delhi:bPrentice Hallc,1999. axviii,1139p.bNAfOriginal aIncludes Index aComputer Science aComputer science, information & general works cBK 001040708CSaUITUbUITUd2000-01-17eRoyal Book Companyg445.45l0o005.133 MCGpQ2217r2024-09-25 07:12:42w2024-09-25yBK c4716d4716